000 00765nam a2200205Ia 4500
001 4405
003 GE_BSU
008 181216s||||||||xx |||||||||||||| ||und||
040 _cGE_BSU
080 _a69.057+665(075.32)
100 _aГальперин М.И. Артемьев,В.И. Местечкин,Л.М.
245 _aМонтаж технологического оборудования нефте-перерабатывающих заводов.
245 _bУчебник.
260 _aМ.
260 _bСтройиздат.
260 _c1982.
300 _a351стр.с илл.22 см.
653 _aМонтаж технологического оборудования нефтеперерабатывающих заводов.
942 _cBK
999 _c38395
_d38395